000 00695nam a2200229 i 4500
003 DO-SdBNP
005 20230606143734.0
007 ta
008 230606b1994 dr a|||| |||| 00| 0 spa d
040 _aDO-SdBNP
_bspa
_cBNPHU
_erda
082 4 _222
100 _aPhillips, Genaro
_eautor
_983513
245 1 0 _aReflejos de la vida /
_cGenaro Phillips
264 1 _aSanto Domingo :
_bVoluntariado de las Casas Reales
_bCasa de Bastidas,
_c1994.
300 _a6] páginas :
_bilustraciones ;
_c28 cm.
336 _2rdacontent
_atexto
_btxt
337 _2rdamedia
_asin mediación
_bn
338 _2rdacarrier
_avolumen
_bnc
590 _aInventariado, 2023/BT
910 _aBtavárez
942 _2ddc
_cLF2
999 _c53735
_d53735